000
00463nam a2200157Ia 4500
008
151213s9999 xx 000 0 und d
100
_a
বঙ্কিম
245
_a
রচনা সমগ্র
_c
বঙ্কিম
250
_a
১ম সং
260
_a
কলকাতা
_b
শ্যামাপাল সরকার
_c
1991
300
_a
8361 p.
650
_a
Bangla
650
_a
উপন্যাস
700
_a
বঙ্কিম
999
_c
4201
_d
4201